Zisťovanie spôsobilosti meradiel a analýza systému merania
Salvato in:
| Autore principale: | |
|---|---|
| Altri autori: | |
| Natura: | Manoscritto Libro |
| Lingua: | slovacco |
| Pubblicazione: |
Trnava :
STU v Bratislave MTF UMAT,
2013
|
| Soggetti: | |
| Accesso online: | VAIS |
| Tags: |
Nessun Tag, puoi essere il primo ad aggiungerne!!
|
MARC
| LEADER | 00000ntm a22000003a 4500 | ||
|---|---|---|---|
| 001 | stu270223 | ||
| 005 | 20150617230249.0 | ||
| 008 | 130705s2013----xo------------------slo-d | ||
| 040 | |a STU |b slo | ||
| 041 | 0 | |a slo | |
| 044 | |a xo | ||
| 100 | 1 | |a Gjablová, Natália, |d 1991- |4 aut |u M |T MTF Materiálovotechnologická fakulta |X 6570 |U M |Y 60 |7 A000006570 | |
| 242 | 0 | 0 | |a Capability of measuring system and measurement system analysis |y eng |
| 245 | 1 | |a Zisťovanie spôsobilosti meradiel a analýza systému merania | |
| 260 | |a Trnava : |b STU v Bratislave MTF UMAT, |c 2013 | ||
| 650 | 7 | |a kvalita produkcie |2 stusub | |
| 650 | 7 | |a Production Quality |2 estusub | |
| 650 | 7 | |a repeatability |2 estusub | |
| 650 | 7 | |a reproducibility |2 estusub | |
| 650 | 7 | |a spôsobilosť meradiel |2 stusub | |
| 650 | 7 | |a opakovateľnosť |2 stusub | |
| 650 | 7 | |a reprodukovateľnosť |2 stusub | |
| 700 | 1 | |a Kučerová, Marta, |d 1957- |4 ths |u M4000 |U MTF Materiálovotechnologická fakulta |T MTF Ústav priemyselného inžinierstva a manažmentu |X 1489 |U M4000 |Y 84 |7 A000001489 | |
| 856 | 4 | |a info a plný text |u http://is.stuba.sk/zp/portal_zp.pl?podrobnosti=78834 |3 VAIS | |
| 996 | |c M*BP-6127 |l MMSKP |s P |a 0 |w stu270223_0001 | ||